| Tag |
First Indicator |
Second Indicator |
Subfields |
| LEADER |
00000cam a2200000 4500 |
| 001 |
in00000763528 |
| 005 |
20151016171158.0 |
| 008 |
740130r1974 nyua b 00100 eng |
| 010 |
|
|
|a 73019135
|
| 020 |
|
|
|a 0405058594
|
| 035 |
|
|
|a (OCoLC)00810342
|
| 035 |
|
|
|9 ADJ8671AM
|
| 040 |
|
|
|a DLC
|c DLC
|d m.c.
|d UtOrBLW
|
| 043 |
|
|
|a n-us---
|
| 049 |
|
|
|a TXAM
|c [1184485]
|
| 050 |
0 |
0 |
|a JK1316
|b .B7 1974
|
| 082 |
0 |
|
|a 328.73
|
| 100 |
1 |
|
|a Brown, George Rothwell.
|
| 245 |
1 |
4 |
|a The leadership of Congress.
|
| 264 |
|
1 |
|a New York :
|b Arno Press,
|c 1974
|
| 264 |
|
4 |
|c [©1922]
|
| 300 |
|
|
|a 311 pages ;
|c 21 cm.
|
| 336 |
|
|
|a text
|b txt
|2 rdacontent
|
| 337 |
|
|
|a unmediated
|b n
|2 rdamedia
|
| 338 |
|
|
|a volume
|b nc
|2 rdacarrier
|
| 490 |
1 |
|
|a Politics and people: the ordeal of self-government in America
|
| 500 |
|
|
|a Reprint of the edition published by Bobbs-Merrill, Indianapolis.
|
| 504 |
|
|
|a Includes bibliographical references.
|
| 610 |
1 |
0 |
|a United States.
|b Congress.
|
| 651 |
|
0 |
|a United States
|x Politics and government.
|
| 830 |
|
0 |
|a Politics and people: the ordeal of self-government in America.
|
| 999 |
|
|
|a MARS
|
| 999 |
f |
f |
|s 5405b3e8-9987-3fa6-8909-2150a7131a7f
|i 2131a8ba-1a3a-3229-a6f4-39fee08e9621
|t 0
|
| 952 |
f |
f |
|p ric
|a Texas A&M University
|b Rellis Campus
|c Joint Library Facility
|d Remote Storage
|t 0
|e JK1316 .B7 1974
|h Library of Congress classification
|i unmediated -- volume
|m A14811267670
|
| 998 |
f |
f |
|a JK1316 .B7 1974
|t 0
|l Remote Storage
|